| 000 -LEADER |
| fixed length control field |
00444cam a22001217a 4500 |
| 008 - FIXED-LENGTH DATA ELEMENTS--GENERAL INFORMATION |
| fixed length control field |
180718b1963 xxu||||| |||| 00| 0 eng d |
| 082 ## - DEWEY DECIMAL CLASSIFICATION NUMBER |
| Classification number |
A6x47 W154 |
| 100 ## - MAIN ENTRY--PERSONAL NAME |
| Personal name |
Walkin, Jacob |
| 245 ## - TITLE STATEMENT |
| Title |
Rise of democracy in pre- revolutionary Russia: political an dsocial institutions under the last three Czars. |
| Statement of responsibility, etc. |
by Jacob Walkin |
| 260 ## - PUBLICATION, DISTRIBUTION, ETC. |
| Place of publication, distribution, etc. |
London |
| Name of publisher, distributor, etc. |
Thames And Hudson |
| Date of publication, distribution, etc. |
1963 |
| 300 ## - PHYSICAL DESCRIPTION |
| Extent |
viii, 320p |
| 650 ## - SUBJECT ADDED ENTRY--TOPICAL TERM |
| Topical term or geographic name entry element |
Russia -Politics and government -1894-1917. |